New concrete cancer threat (Record no. 118358)
[ view plain ]
| 000 -LEADER | |
|---|---|
| fixed length control field | 01092cam a2200205 4500 |
| 001 - CONTROL NUMBER | |
| control field | WB@3612-84 |
| 008 - FIXED-LENGTH DATA ELEMENTS--GENERAL INFORMATION | |
| fixed length control field | 041123n2004 000 0 eng u |
| 035 ## - SYSTEM CONTROL NUMBER | |
| System control number | (Sirsi) u128093 |
| 245 ## - TITLE STATEMENT | |
| Title | New concrete cancer threat |
| 260 ## - PUBLICATION, DISTRIBUTION, ETC. | |
| Date of publication, distribution, etc. | 2004 |
| 490 ## - SERIES STATEMENT | |
| Series statement | New Civil Engineer |
| Volume/sequential designation | 18 November 2004, 10(1) |
| 520 ## - SUMMARY, ETC. | |
| Summary, etc. | Bridges, dams, tunnels and other major structures are threatened by the return of concrete cancer according to a leading specialist. The phenomenon, properly known as alkali aggregate reactivity, causes massive cracking in affected structures. Many structures were repaired after the problem occurred in the late 1970s and 1980s. Research carried out then resulted in changes to materials specifications to limit alkali content. It is thought that the increase in use of recycled aggregates like glass has been a trigger for the problem reoccurring now. |
| 590 ## - LOCAL NOTE (RLIN) | |
| Local note | WB |
| 590 ## - LOCAL NOTE (RLIN) | |
| Local note | WB |
| 650 ## - SUBJECT ADDED ENTRY--TOPICAL TERM | |
| Topical term or geographic name entry element | CONCRETE CANCER |
| 650 ## - SUBJECT ADDED ENTRY--TOPICAL TERM | |
| Topical term or geographic name entry element | CONCRETE STRUCTURES |
| 650 ## - SUBJECT ADDED ENTRY--TOPICAL TERM | |
| Topical term or geographic name entry element | ALKALI AGGREGATE REACTIVITY |
| 690 ## - LOCAL SUBJECT ADDED ENTRY--TOPICAL TERM (OCLC, RLIN) | |
| Topical term or geographic name as entry element | BUILDING AND CONSTRUCTION-MATERIALS AND PRODUCTS |
| 942 ## - ADDED ENTRY ELEMENTS (KOHA) | |
| Suppress in OPAC | 0 |
| Withdrawn status | Lost status | Source of classification or shelving scheme | Damaged status | Not for loan | Home library | Current library | Shelving location | Date acquired | Total Checkouts | Full call number | Barcode | Date last seen | Copy number | Price effective from | Koha item type |
|---|---|---|---|---|---|---|---|---|---|---|---|---|---|---|---|
| Dewey Decimal Classification | London | London | News article | 23/11/2004 | WB4045-02 | 128093-1001 | 06/08/2019 | 1 | 06/08/2019 | News article |